| 000 | 00480cam a22001577a 4500 | ||
|---|---|---|---|
| 008 | 180718b2003 xxu||||| |||| 00| 0 eng d | ||
| 020 | _a0750676558 | ||
| 082 | _aI513 F514 | ||
| 100 | _aFirestone, Joseph M. | ||
| 245 |
_aKey issues in the new knowledge management _cby Joseph M. Firestone and Mark W. Mcelroy |
||
| 260 |
_aBurlington _bButterworth _c2003 |
||
| 300 | _a350p. | ||
| 650 | _aOrganizational learning | ||
| 650 | _aKnowledge management | ||
| 700 | _aMcelroy, Mark W. | ||
| 999 |
_c403802 _d403802 |
||